An introduction to interpretation of graphic images / (Record no. 175567)

000 -LEADER
fixed length control field 01052 a2200217 4500
003 - CONTROL NUMBER IDENTIFIER
control field Nust
005 - DATE AND TIME OF LATEST TRANSACTION
control field 20220804134621.0
010 ## - LIBRARY OF CONGRESS CONTROL NUMBER
LC control number 97008930
020 ## - INTERNATIONAL STANDARD BOOK NUMBER
International Standard Book Number 0819423807 (softcover)
040 ## - CATALOGING SOURCE
Transcribing agency Nust
082 00 - DEWEY DECIMAL CLASSIFICATION NUMBER
Classification number 621.367,ABL
100 1# - MAIN ENTRY--PERSONAL NAME
Personal name Ablameyko, Sergey,
9 (RLIN) 96540
245 13 - TITLE STATEMENT
Title An introduction to interpretation of graphic images /
Statement of responsibility, etc. Sergey Ablameyko.
246 30 - VARYING FORM OF TITLE
Title proper/short title Interpretation of graphic images
260 ## - PUBLICATION, DISTRIBUTION, ETC.
Place of publication, distribution, etc. Bellingham, Wash., USA :
Name of publisher, distributor, etc. SPIE Optical Engineering Press,
Date of publication, distribution, etc. c1997.
300 ## - PHYSICAL DESCRIPTION
Extent xiii, 165 p. :
Other physical details ill., maps ;
Dimensions 26 cm.
440 #0 - SERIES STATEMENT/ADDED ENTRY--TITLE
Title Tutorial texts in optical engineering ;
Volume/sequential designation v. TT 27
9 (RLIN) 96344
505 ## - FORMATTED CONTENTS NOTE
Formatted contents note The Problem of Graphical Image Interpretations (Page-1), Methodology of Line-Drawing Interpretation (Page-22), Image Scanning and Banalization (Page-35), Binary Image Processing (Page-56), Image Vectorization (Page-79), Recognition of Cartographic Objects (Page-92), Recognition of Engineering Drawing Entities (Page-124), Output and Conclusion (Page-146).
650 #0 - SUBJECT ADDED ENTRY--TOPICAL TERM
Topical term or geographic name entry element Telecommunication Engineering.
942 ## - ADDED ENTRY ELEMENTS (KOHA)
Koha item type Reference
Source of classification or shelving scheme
Holdings
Withdrawn status Lost status Source of classification or shelving scheme Damaged status Not for loan Permanent Location Current Location Shelving location Date acquired Full call number Barcode Date last seen Price effective from Koha item type Public note
          Military College of Signals (MCS) Military College of Signals (MCS) Reference 12/12/2016 621.367,ABL MCS30928 12/08/2016 12/12/2016 Reference Almirah No.20, Shelf No.5
© 2023 Central Library, National University of Sciences and Technology. All Rights Reserved.